=LDR 00000nam 2200000 4500 =001 INLIS000000000028130 =005 20130612130445 =008 ***********************************ind** =035 ##$$0010-061300000028130 =041 ##$$a ind =082 ##$$a 899.29 =090 ##$$a 899.29, YUN s =100 ##$$a Yundiafi, Siti Zahra =245 ##$$a Syair Tajul Muluk, Siti Zahra Yundiafi =260 ##$$a 2004 $b Jakarta =300 ##$$a x, 234 hlm., 21 cm =650 ##$$a Kesusastraan Melayu =850 ##$$a NBPNMAT